000 00561nam a2200193Ia 4500
003 GCL
008 140319s9999 xx 000 0 ara d
040 _aGCL /
_cGCL
082 0 4 _a140
_bه ق
100 1 _aهبرماس
245 1 0 _aالقول الفلسفى للحداثة /
_cهبرماس
700 1 _aفاطمة الجيوشى
260 _aسوريا :
_bمنشورات وزارة الثقافة ،
_c1995
300 _a615 ص ؛
_c24سم
650 0 4 _aالفلسفة
650 0 4 _aمذاهب فلسفية
650 0 4 _aهيجل
942 _2ddc
_cBK
999 _c48413
_d48413